000 00300nam a22001217a 4500
008 230619b xxu||||| |||| 00| 0 eng d
082 _a266.02
_bPHI
100 _cHorace R. A. Philp
245 _aA New Day in Kenya
260 _aLondon
_bWorld Dominion Press
_c1936
300 _a187p
942 _2ddc
_cBK
999 _c1339
_d1339